| 000 | 00710nam a22002297a 4500 | ||
|---|---|---|---|
| 003 | OSt | ||
| 005 | 20140310181914.0 | ||
| 008 | 130715t xxu||||| |||| 00| 0 eng d | ||
| 020 | _a9780435072308 | ||
| 050 |
_aLB 1555 _b.G57 1996 |
||
| 082 |
_aTR 372.1 _bG57 1996 |
||
| 100 |
_aGirard, Suzanne _9419 |
||
| 245 |
_aPartnership for classroom learning/ _cSuzanne Girard and Kathlene R. Willing. |
||
| 260 |
_aOntario: _bPembroke Publishers, _cc1996. |
||
| 300 |
_a128 p. : _bill. ; _c23 cm. |
||
| 500 | _aIncludes bibliographical references and index. | ||
| 521 | _aFaculty | ||
| 541 | _j1 | ||
| 562 | _e1 | ||
| 650 |
_aEducation Elementary _xActivity programs. _9420 |
||
| 942 |
_2lcc _cBK-TR _kTR |
||
| 999 |
_c6669 _d6669 |
||